Schlechteste 2. Bundesliga Aufsteiger - Statistiken

Allgemein
  • Dieses Quiz wurde 21 mal gespielt
  • Das Durchschnittsergebnis liegt bei 13 aus 20
Antwortstatistiken
Platz Saison Verein Punkte; (TD) % Korrekt
16. 1997/98 1. FC Nürnberg 59; (+17)
89%
20. 2007/08 1. FC Köln 60; (+18)
83%
12. 1996/97 Hertha BSC 58; (+19)
83%
18. 1994/95 FC St. Pauli 59; (+25)
78%
8. 2018/19 SC Paderborn 07 57; (+26)
78%
14. 2019/20 VfB Stuttgart 58; (+21)
78%
3. 2003/04 Arminia Bielefeld 56; (+13)
72%
5. 1995/96 Arminia Bielefeld 57; (+10)
72%
1. 2003/04 1. FSV Mainz 05 54; (+15)
67%
19. 2024/25 Hamburger SV 59; (+34)
67%
4. 1995/96 MSV Duisburg 56; (+18)
67%
11. 1994/95 Fortuna Düsseldorf 58; (+16)
56%
9. 1998/99 SSV Ulm 1846 58; (+12)
56%
17. 2014/15 SV Darmstadt 98 59; (+18)
56%
15. 1996/97 VfL Wolfsburg 58; (+23)
50%
7. 1991/92 1. FC Saarbrücken 57; (+22)
44%
6. 2018/19 1. FC Union Berlin 57; (+21)
44%
2. 1991/92 Bayer 05 Uerdingen 54; (+18)
44%
10. 2005/06 Energie Cottbus 58; (+16)
39%
13. 1999/00 Energie Cottbus 58; (+20)
39%
Keine übereinstimmenden Quizze gefunden
Verteilung der Resultate
Anzahl Personen mit jedem Resultat
Perzentil nach korrekt beantworteten Fragen
Ihre Resultats-Entwicklung
Sie haben dieses Quiz noch nicht gespielt